000 00775nam a2200241 a 4500
005 20140310183501.0
008 100309s19uu xx 00 eng d
020 _a9789715845502
050 _aQR 65
_b.B675 2007
100 _aBognot, Filipinas L.
245 _aLaboratory manual in microbiology and parasitology fro nursing students /
_cFilipinas L. Bognot...[et.al].
260 _aQuezon City :
_bC & E Publishing, Inc,
_c2007.
300 _a156 p. :
_c26 cm.
521 _aNUR
650 _aMicrobiology
_xHandbooks, manuals, etc.
650 _aParasitology
_xHandbooks, manuals, etc.
700 _aGoce, Evelyn E.
700 _aMunoz, Dioned S.
700 _aGonzales, Remedios S.
700 _aMergal, Zenaida F.
942 _cBK
_2lcc
_kLOC
999 _c23897
_d23897